"Survivor" Locations - Statistics

General Stats
  • This quiz has been taken 757 times
    737 since last reset
  • The average score is 20 of 26
Answer Stats
Season # Season Champion Answer % Correct
2 Tina Wesson Herbert River, Queensland, Australia
94%
14 Earl Cole Macuata, Vanua Levu, Fiji
89%
15 Todd Herzog Zhelin Reservoir, Jiujiang, Jiangxi, China
88%
19 Natalie White Upolu, Samoa
83%
20 Sandra Diaz-Twine Upolu, Samoa
83%
23 Sophie Clark Upolu, Samoa
83%
24 Kim Spradlin Upolu, Samoa
83%
5 Brian Heidik Ko Tarutao, Satun Province, Thailand
82%
10 Tom Westman Koror, Palau
81%
16 Parvati Shallow Koror, Palau
81%
7 Sandra Diaz-Twine Pearl Islands, Panama
81%
8 Amber Brkich Pearl Islands, Panama
81%
12 Aras Baskauskas Pearl Islands, Panama
81%
18 J.T. Thomas Jr. Jalapao, Tocantins, Brazil
80%
6 Jenna Morasca Rio Negro, Amazonas, Brazil
80%
17 Bob Crowley Wonga-Wongue Presidential Reserve, Estuaire, Gabon
79%
25 Denise Stapley Caramoan, Camarines Sur, Philippines
78%
9 Chris Daughtery Efate, Shefa Province, Vanuatu
78%
21 Jud "Fabio" Birza San Juan del Sur, Rivas, Nicaragua
78%
22 Rob Mariano San Juan del Sur, Rivas, Nicaragua
78%
11 Danni Boatwright Peten, Guatemala
76%
13 Yul Kwon Aitutaki, Cook Islands
71%
3 Ethan Zohn Shaba National Reserve, Kenya
68%
26 TBD Caramoan, Camarines Sur, Philippines
63%
1 Richard Hatch Pulau Tiga, Sabah, Malaysia
55%
4 Vecepia Towery Nuku Hiva, Marquesas Islands, French Polynesia
28%
No matching quizzes found
Score Distribution
Percent of People with Each Score
Percentile by Number Answered
Your Score History
You have not taken this quiz since the last reset